| 000 | 00925nam a22002537i 4500 | ||
|---|---|---|---|
| 999 |
_c23199 _d23199 |
||
| 003 | AR-CdUCM | ||
| 008 | 250124b20232023 pe||||| |||| 00| 0 spa d | ||
| 020 | _a978-612-00-8468-4 | ||
| 040 |
_aMUNICIPALIDAD PROVINCIAL DEL CUSCO _cBIBLIOTECA MUNICIPAL DEL CUSCO |
||
| 041 | _hspa | ||
| 082 |
_a204 / L28 _bL28 |
||
| 100 |
_aLatorre Vilca, Juan Fernando _948876 |
||
| 245 |
_aEvidencias de la Era Patriarcal y del Éxodo : _bPruebas que corroboran la historicidad de Abraham, Jacob, José, Moisés y el Éxodo de Israel / |
||
| 260 |
_aSan Jerónimo-Cusco : _bAutor Editor _c2023 |
||
| 300 |
_a200 páginas. : _c20x14 cm. |
||
| 500 | _zBibliografía: página 195 | ||
| 505 | _aHistoricidad de Abrahán, Jacob, José, Moisés -- El faraón del éxodo | ||
| 650 |
_aAbrahan _950971 |
||
| 650 |
_aJacób _950972 |
||
| 650 |
_aJosé _950973 |
||
| 650 |
_aMoisés _950974 |
||
| 942 |
_2ddc _cLIBROS |
||
| 945 |
_apbjr _d24-01-2025 |
||